<?xml version="1.0" encoding="UTF-8"?>
<record
    xmlns:xsi="http://www.w3.org/2001/XMLSchema-instance"
    xsi:schemaLocation="http://www.loc.gov/MARC21/slim http://www.loc.gov/standards/marcxml/schema/MARC21slim.xsd"
    xmlns="http://www.loc.gov/MARC21/slim">

  <leader>00485nam a2200145Ia 4500</leader>
  <controlfield tag="008">100204s9999    xx            000 0 und d</controlfield>
  <datafield tag="082" ind1=" " ind2=" ">
    <subfield code="b">20237</subfield>
  </datafield>
  <datafield tag="100" ind1=" " ind2=" ">
    <subfield code="a">&#x92E;&#x93E;&#x921;&#x917;&#x942;&#x933;&#x915;&#x930;   &#x917;.  &#x926;&#x93F;.</subfield>
  </datafield>
  <datafield tag="245" ind1=" " ind2=" ">
    <subfield code="a">&#x938;&#x94B;&#x928;&#x947; &#x906;&#x923;&#x93F; &#x92E;&#x93E;&#x924;&#x940;</subfield>
  </datafield>
  <datafield tag="260" ind1=" " ind2=" ">
    <subfield code="b">"&#x92A;&#x902;&#x921;&#x93F;&#x924;   &#x905;&#x928;&#x902;&#x924;   &#x915;&#x941;&#x932;&#x915;&#x930;&#x94D;&#x923;&#x940; , &#x92A;&#x941;&#x923;&#x947;"</subfield>
    <subfield code="c">1997 2</subfield>
  </datafield>
  <datafield tag="300" ind1=" " ind2=" ">
    <subfield code="a">128</subfield>
  </datafield>
  <datafield tag="630" ind1=" " ind2=" ">
    <subfield code="a">&#x938;&#x94B;&#x928;&#x947; &#x906;&#x923;&#x93F; &#x92E;&#x93E;&#x924;&#x940;</subfield>
  </datafield>
  <datafield tag="730" ind1=" " ind2=" ">
    <subfield code="a">&#x938;&#x94B;&#x928;&#x947; &#x906;&#x923;&#x93F; &#x92E;&#x93E;&#x924;&#x940;</subfield>
  </datafield>
  <datafield tag="942" ind1=" " ind2=" ">
    <subfield code="c">BOOK</subfield>
  </datafield>
  <datafield tag="999" ind1=" " ind2=" ">
    <subfield code="c">464659</subfield>
    <subfield code="d">464656</subfield>
  </datafield>
  <datafield tag="952" ind1=" " ind2=" ">
    <subfield code="0">0</subfield>
    <subfield code="1">0</subfield>
    <subfield code="4">0</subfield>
    <subfield code="7">0</subfield>
    <subfield code="a">NCKMULUND</subfield>
    <subfield code="b">NCKMULUND</subfield>
    <subfield code="d">2010-02-04</subfield>
    <subfield code="g">100.00</subfield>
    <subfield code="l">0</subfield>
    <subfield code="o">20237</subfield>
    <subfield code="p">NCKMULUND-20237</subfield>
    <subfield code="r">2010-02-04 00:00:00</subfield>
    <subfield code="v">100.00</subfield>
    <subfield code="w">2010-02-04</subfield>
    <subfield code="y">BOOK</subfield>
  </datafield>
</record>
